Entry Nombre personal
001 - NÚMERO DE CONTROL
- campo de control: 131832
003 - IDENTIFICADOR DE NÚMERO DE CONTROL
- campo de control: SpMaBN
005 - FECHA Y HORA DE LA ÚLTIMA TRANSACCIÓN
- campo de control: 20250809111828.0
008 - ELEMENTOS DE DATO DE LONGITUD-FIJA
- campo de control de longitud fija: 900725nn azznnaabn n aaa
016 ## - NÚMERO DE CONTROL DE UNA AGENCIA BIBLIOGRÁFICA NACIONAL
- Número de control del registro: BNE19980986698
024 7# - IDENTIFICADOR DE OTROS ESTÁNDARES
- Número estándar o código: http://viaf.org/viaf/100917097/
- Fuente: viaf
024 8# - IDENTIFICADOR DE OTROS ESTÁNDARES
- Número estándar o código: https://data.cervantesvirtual.com/person/71942
040 ## - FUENTE DE CATALOGACIÓN
- Centro catalogador/agencia de origen: SpMaBN
- Lengua de catalogación: spa
- Centro/agencia transcriptor: SpMaBN
- Normas de descripción: rdc
- Convención/Normas de encabezamiento de materia/tesauro: embne
042 ## - CÓDIGO DE AUTENTICACIÓN
- Código de autenticación: NORM20090924
046 ## - FECHAS CON CODIFICACIÓN ESPECIAL
- Fecha de nacimiento: 1806
100 1# - ENCABEZAMIENTO-NOMBRE DE PERSONA
- Nombre de persona: Ríos, Juan Miguel de los,
- Fechas asociadas al nombre: ca. 1806-
375 ## - GÉNERO/SEXO
- Género: Masculino
670 ## - FUENTE DE DATOS ENCONTRADOS
- Cita de la fuente: Memorias sobre las islas africanas de España, Fernando Póo y Annobon, 1844
- Información encontrada: port. (Don Juan Miguel de los Ríos; auditor honorario de Marina, catedrático de jurisprudencia en la Universidad literaria de Madrid)
670 ## - FUENTE DE DATOS ENCONTRADOS
- Cita de la fuente: Espasa
- Información encontrada: (Ríos, Juan Miguel de los; n. hacia 1806 en Madrid, m. en fecha desconocida; jurisconsulto)
